Cities in Chile - Sudden Death - Statistics

General Stats
  • This quiz has been taken 39 times
  • The average score is 13 of 20
Answers on the Grid
Answers color-coded by a green-red scale on the quiz's grid according to % correct below.
Antofagasta
Arequipa
Arica
Armenia
Bucaramanga
Buenaventura
Calama
Cartagena
Chillán
Concepción
Coquimbo
El Paso
Fortaleza
Guayaquil
Iquique
La Serena
Los Ángeles
Mar del Plata
Medellín
Osorno
Piura
Puente Alto
Puerto Montt
Rancagua
Rosario
San Bernardo
San Pedro Sula
Santiago
Talca
Temuco
Valdivia
Valparaíso
Viña del Mar
 
Answer Stats
Answer % Correct
Antofagasta
97%
Santiago
86%
Valparaíso
79%
Arica
72%
Concepción
72%
Valdivia
69%
Calama
66%
Chillán
66%
La Serena
66%
Puerto Montt
66%
Viña del Mar
66%
Coquimbo
62%
Iquique
62%
Puente Alto
62%
Osorno
59%
Talca
59%
Temuco
59%
Los Ángeles
55%
Rancagua
55%
San Bernardo
48%
No matching quizzes found
Score Distribution
Percent of People with Each Score
Percentile by Number Answered
Your Score History
You have not taken this quiz